All Prehistoric Creatures In Jurassic World Evolution 2 - Statistics

General Stats
  • This quiz has been taken 63 times
    33 since last reset
  • The average score is 81 of 122
Answer Stats
Pack Answer % Correct
Base Game Ankylosaurus
85%
Dominion Malta Expansion Atrociraptor
85%
Base Game Diplodocus
85%
Base Game Giganotosaurus
85%
Base Game Sinoceratops
85%
Base Game Spinosaurus
85%
Base Game Trex
85%
Base Game Velociraptor
85%
Base Game Acrocanthosaurus
77%
Base Game Allosaurus
77%
Secret Species Pack Ankylodocus
77%
Base Game Apatosaurus
77%
Prehistoric Marine Species Pack Archelon
77%
Base Game Baryonyx
77%
Base Game Brachiosaurus
77%
Base Game Camarasaurus
77%
Base Game Carnotaurus
77%
Base Game Ceratosaurus
77%
Base Game Corythosaurus
77%
Base Game Dilophosaurus
77%
Base Game Dreadnoughtus
77%
Base Game Edmontosaurus
77%
Base Game Iguanodon
77%
Base Game Indoraptor
77%
Base Game Kentrosaurus
77%
Park Managers' Collection Pack Microceratus
77%
Dominion Malta Expansion Oviraptor
77%
Base Game Parasaurolophus
77%
Base Game Plesiosaurus
77%
Dominion Biosyn Expansion Quetzalcoatlus
77%
Secret Species Pack Spinoraptor
77%
Base Game Stegosaurus
77%
Dominion Biosyn Expansion Therizinosaurus
77%
Base Game Triceratops
77%
Base Game Troodon
77%
Cretaceous Predator Pack Utahraptor
77%
Early Cretaceous Pack Wuerhosaurus
77%
Feathered Species Pack Yutyrannus
77%
Base Game Amargasaurus
69%
Base Game Carcharodontosaurus
69%
Base Game Chasmosaurus
69%
Cretaceous Predator Pack Concavenator
69%
Dominion Biosyn Expansion Dimetrodon
69%
Base Game Dimorphodon
69%
Base Game Elasmosaurus
69%
Cretaceous Predator Pack Gigantoraptor
69%
Base Game Ichthyosaurus
69%
Base Game Indominus Rex
69%
Early Cretaceous Pack Kronosaurus
69%
Dominion Malta Expansion Lystrosaurus
69%
Base Game Mamenchisaurus
69%
Park Managers' Collection Pack Megalodon
69%
Deluxe Upgrade Megalosaurus
69%
Camp Cretaceous Pack Monolophosaurus
69%
Base Game Mosasaurus
69%
Base Game Nigersaurus
69%
Base Game Ouranosaurus
69%
Base Game Pachycephalosaurus
69%
Base Game Pteranodon
69%
Dominion Biosyn Expansion Pyroraptor
69%
Camp Cretaceous Pack Scorpios Rex
69%
Feathered Species Pack Sinosauropteryx
69%
Secret Species Pack Stegoceratops
69%
Base Game Suchomimus
69%
Cretaceous Predator Pack Tarbosaurus
69%
Base Game Torosaurus
69%
Late Cretaceous Pack Alamosaurus
62%
Base Game Albertosaurus
62%
Base Game Chungkingosaurus
62%
Base Game Compsognathus
62%
Feather Species Pack Deinocheirus
62%
Base Game Dracorex
62%
Base Game Dryosaurus
62%
Base Game Euoplocephalus
62%
Base Game Gallimimus
62%
Base Game Herrerasaurus
62%
Base Game Homalocephale
62%
Feathered Species Pack Jeholopterus
62%
Base Game Liopleurodon
62%
Base Game Maiasaura
62%
Base Game Metriacanthosaurus
62%
Early Cretaceous Pack Minmi
62%
Dominion Malta Expansion Moros
62%
Base Game Nasutoceratops
62%
Marine Species Pack Nothosaurus
62%
Base Game Olorotitan
62%
Deluxe Upgrade Pachyrhinosaurus
62%
Base Game Proceratosaurus
62%
Secret Species Pack Spinoceratops
62%
Base Game Stygimoloch
62%
Base Game Styracosaurus
62%
Park Managers' Collection Pack Thanatosdrakon
62%
Base Game Tropeognathus
62%
Base Game Tylosaurus
62%
Deluxe Upgrade Attenborosaurus
54%
Late Cretaceous Pack Australovenator
54%
Base Game Cearadactylus
54%
Base Game Coelophysis
54%
Base Game Crichtonsaurus
54%
Base Game Cryolophosaurus
54%
Base Game Deinonychus
54%
Early Cretaceous Pack Dsungaripterus
54%
Prehistoric Marine Species Pack Dunkleosteus
54%
Deluxe Upgrade Geosternbergia
54%
Base Game Gigantspinosaurus
54%
Deluxe Upgrade Huayangosaurus
54%
Base Game Maaradactylus
54%
Base Game Majungasaurus
54%
Base Game Muttaburrasaurus
54%
Base Game Nodosaurus
54%
Base Game Pentaceratops
54%
Base Game Qianzhousaurus
54%
Park Managers' Collection Pack Segisaurus
54%
Prehistoric Marine Species Pack Shonisaurus
54%
Late Cretaceous Pack Styxosaurus
54%
Base Game Tapejara
54%
Base Game Archaeornithomimus
46%
Base Game Polacanthus
46%
Base Game Sauropelta
46%
Base Game Tsintaosaurus
46%
Late Cretaceous Pack Barbaridactylus
38%
Base Game Struthiomimus
38%
No matching quizzes found
Score Distribution
Percent of People with Each Score
Percentile by Number Answered
Your Score History
You have not taken this quiz since the last reset